1770 1694 1898 1348 1104 1923 1702 1968 1708 1899 1376 1289 1527 1260 1867 1523 1046 1787 1112 1146 1158 1851 1664 1987 1397 1542 1607 1982 1108 1612 1521 1611 1352 1511 1531 1682 1726 1551 1351 1761 1423 1522 1135 1163 1746 1218 1911 1834 1226 1727 1001 1447 1942 1118 1537 1041 1182 1990 1067 1561 1928 1080 1609 1100 1258 1592 1236 1989 1038 1471 1986 1534 1075 1486 1676 1957 1827 1442 1952 1269 1369 1470 1902 1783 1566 1514 1765 1720 1572 1984 1253 1853 1977 1515 1837 1137 1646 1811 1066 BCNSPRNW ULIB Ver.6.0+V

เปลี่ยนเป็นภาษาไทย

Change to English
 แสดงรายละเอียดบรรณานุกรม
  กลับหน้าหลัก

Brief Record : Get Marc (ISO 2709) : E-mail record : QR code < ปิดหน้าต่าง
LEADER : 00000nas 2200000uu 4500
001    13399124418
003     ULIB
008    020711s|||| th a 000 0 tha d
022    01257477
110    กรทรวงสาธารณสุข^bกรมควบคุมโรค^bสำนักระบาดวิทยา
245    รายงานการเฝ้าระวังทางระบาดวิทยาประจำสัปดาห์/^cสำนักระบาดวิทยา
260    นนทบุรี :^bสำนักระบาดวิทยา,^cม.ป.ป.
310    ^aรายเดือน
850 ^a ULIB:campus^bปีที่ 46 ฉบับที่ พิเศษ ฉ.1
945    ^p0^l0^i801315
รายการนี้ยังไม่มีแท็ก
คุณยังไม่ได้ล็อกอิน คุณสามารถมีกิจกรรมร่วมกับเว็บไซต์ได้ แต่ต้องล็อกอินก่อน ::
  ล็อกอิน

รายการสื่อสารสนเทศ (วารสาร)

ดูแบบ: กล่อง รายการ
ARRIVED
ปีที่ 46 ฉบับที่ พิเศษ ฉ.1
สถานที่: ห้องสมุดวิทยาเขตนครสวรรค์ >วารสาร

BibComment


ยังไม่เคยถูกคอมเมนท์

คอมเมนท์ทรัพยากรรายการนี้
  คอมเมนท์: รายงานการเฝ้าระวั..


 Copyright 2026. Bcnsprnw @Library